Hà Nội - Huế - Sài Gòn đầu thế kỷ 20 = Hanoi - Hue - Saigon in the early of the 20th century

Hà nội - Huế - Sài gòn đầu thế kỷ XX là tập hợp một số ảnh về ba thành phố Hà nội, Huế, Sài gòn phác họa lên một bức tranh gợi lên những nét đổi thay trên ba thành phố tiêu biểu cho ba miền của đất nước....

Full beskrivning

Sparad:
Bibliografiska uppgifter
Materialtyp: Bok
Språk:Undetermined
Publicerad: Thành phố Hồ Chí Minh Văn hóa Sài Gòn 2007
Ämnen:
Taggar: Lägg till en tagg
Inga taggar, Lägg till första taggen!
Thư viện lưu trữ: Trung tâm Học liệu Trường Đại học Cần Thơ
LEADER 01028nam a2200217Ia 4500
001 CTU_132334
008 210402s9999 xx 000 0 und d
020 |c 85000 
082 |a 915.97 
082 |b H100 
245 0 |a Hà Nội - Huế - Sài Gòn đầu thế kỷ 20 = 
245 0 |b Hanoi - Hue - Saigon in the early of the 20th century 
245 0 |c Đào Hùng, Nguyễn Hạnh 
260 |a Thành phố Hồ Chí Minh 
260 |b Văn hóa Sài Gòn 
260 |c 2007 
520 |a Hà nội - Huế - Sài gòn đầu thế kỷ XX là tập hợp một số ảnh về ba thành phố Hà nội, Huế, Sài gòn phác họa lên một bức tranh gợi lên những nét đổi thay trên ba thành phố tiêu biểu cho ba miền của đất nước. 
650 |a Description and travel,Du lịch 
650 |z Vietnam,Việt nam 
904 |i Trọng Hải 
980 |a Trung tâm Học liệu Trường Đại học Cần Thơ